000 00435nam a2200181Ia 4500
008 151202s9999||||xx |||||||||||||| ||und||
082 _bPNVM-21783
100 _aफडके कमला.
245 _aदरवळ.
260 _b---
260 _c0
300 _a0
600 _aफडके कमला.
630 _aदरवळ.
700 _aफडके कमला.
730 _aदरवळ.
942 _cBOOK
999 _c1287758
_d1287755